Normal view MARC view

Entry Personal Name

Number of records used in: 1

001 - CONTROL NUMBER

  • control field: 1239641

003 - CONTROL NUMBER IDENTIFIER

  • control field: OSt

005 - DATE AND TIME OF LATEST TRANSACTION

  • control field: 20260514122601.0

008 - FIXED-LENGTH DATA ELEMENTS

  • fixed length control field: 260514|| aca||aabn | a|a d

040 ## - CATALOGING SOURCE

  • Original cataloging agency: OSt
  • Transcribing agency: OSt

100 ## - HEADING--PERSONAL NAME

  • Personal name: Col Dr. M.S.Bindra

670 ## - SOURCE DATA FOUND

  • Source citation: Work cat.: (OSt)1851516: Chauhan Dr.Kavita 1239639, To Study the Association of HLA-A, HLA-B & HLA-DR Mismatchest on Renal Allograft Rejection and Graft Survival for 01 Year.
Copyright @ Delhi University Library System